| 000 | 00688cam a22002171 4500 | ||
|---|---|---|---|
| 001 | sa 65010520 | ||
| 003 | DLC | ||
| 005 | 20260227112209.0 | ||
| 008 | 791029s1963 ii c 000 0 eng | ||
| 010 | _asa 65010520 | ||
| 035 | _a(OCoLC)5619566 | ||
| 040 |
_aDLC _cLU _dLU _dDLC |
||
| 050 | 0 | 0 |
_aBL1146.R35 _bA33 1963 |
| 100 | 0 |
_aRamana, _cMaharshi. |
|
| 245 | 1 | 0 |
_aTalks with Sri Ramana Maharshi. _c[Recorded by Swami Ramananda Saraswati] |
| 250 | _a3d ed. | ||
| 260 |
_aTiruvannamalai, _bT. N. Venkataraman, manager-president, Sri Ramanasramam, _c1963. |
||
| 300 |
_ax, 748, xxi p. _bcol. port. _c20 cm. |
||
| 650 | 0 | _aHinduism. | |
| 700 | 0 |
_aRāmānandasarasvatī, _cSwami, _d1867-1936. |
|
| 999 |
_c66805 _d66805 |
||